| 000 | 00560nam a2200193Ia 4500 | ||
|---|---|---|---|
| 008 | 151119s9999||||xx |||||||||||||| ||und|| | ||
| 082 | _a891.461 | ||
| 082 | _bGKKV20017 | ||
| 100 | _aपाटील अनघा | ||
| 245 | _aभूतलावर आपण दोघे | ||
| 260 | _a-- | ||
| 260 | _b-- | ||
| 260 | _c2000 | ||
| 600 | _aपाटील अनघा | ||
| 630 | _aभूतलावर आपण दोघे | ||
| 700 | _aपाटील अनघा | ||
| 730 | _aभूतलावर आपण दोघे | ||
| 942 | _cBOOK | ||
| 999 |
_c1072920 _d1072917 |
||